[Event "Manaus op"]
[Site "Manaus"]
[Date "2024.10.15"]
[Round "7"]
[White "Barbosa, Celio Oliveira"]
[Black "Da Silva, Pablo Rodrigo"]
[Result "1/2-1/2"]
[WhiteElo "1916"]
[BlackElo "1983"]
[PlyCount "55"]
[EventDate "2024.10.11"]
[EventType "swiss"]
[EventRounds "9"]
[EventCountry "BRA"]
[SourceTitle "CB43_2024"]
[Source "Chessbase"]
[SourceDate "2024.10.23"]
[SourceVersion "1"]
[SourceVersionDate "2024.10.23"]
[SourceQuality "1"]

1. Nf3 d5 2. d4 Nf6 3. g3 g6 4. Bg2 Bg7 5. 0-0 0-0 6. c4 c6 7. Nc3 e6 8. cxd5 exd5 9. b3 Bf5 10. Bb2 Nbd7 11. Rc1 Re8 12. Nh4 Be6 13. Qc2 Nf8 14. Rcd1 Qd7 15. Rfe1 Bh3 16. Bh1 g5 17. Nf3 Bf5 18. Qc1 h6 19. Ne5 Qc8 20. Na4 Ng6 21. Nd3 Ne4 22. Nac5 Bh3 23. f3 Nxc5 24. Nxc5 Rb8 25. Nd3 Qd7 26. e4 dxe4 27. fxe4 Bg4 28. Rd2 1/2-1/2

[Event "Manaus op"]
[Site "Manaus"]
[Date "2024.10.12"]
[Round "2"]
[White "Da Silva, Pablo Rodrigo"]
[Black "Santiago, Yago de Moura"]
[Result "0-1"]
[WhiteElo "1983"]
[BlackElo "2460"]
[PlyCount "98"]
[EventDate "2024.10.11"]
[EventType "swiss"]
[EventRounds "9"]
[EventCountry "BRA"]
[SourceTitle "CB43_2024"]
[Source "Chessbase"]
[SourceDate "2024.10.23"]
[SourceVersion "1"]
[SourceVersionDate "2024.10.23"]
[SourceQuality "1"]

1. d4 e6 2. g3 f5 3. Bg2 Nf6 4. Nf3 d5 5. 0-0 Ne4 6. c4 Be7 7. Ne5 0-0 8. Nd2 c6 9. e3 Nd7 10. Ndf3 Bd6 11. Qc2 Qe7 12. Nxd7 Bxd7 13. c5 Bc7 14. b4 a5 15. Bd2 a4 16. a3 Be8 17. Ne5 Nf6 18. f3 Bxe5 19. dxe5 Nd7 20. Bc3 g5 21. Bd4 f4 22. exf4 gxf4 23. Rac1 Bg6 24. Qe2 Rf7 25. g4 Nb8 26. Rf2 Na6 27. Qb2 Bd3 28. Bf1 Bxf1 29. Rfxf1 Nc7 30. Qf2 Nb5 31. Ra1 Rg7 32. Kh1 Kh8 33. Rg1 Rag8 34. Qd2 Rf7 35. Bf2 Qc7 36. Rge1 Qd8 37. Red1 h5 38. Qe1 hxg4 39. Bh4 Qf8 40. Bf6+ Kh7 41. Qf2 g3 42. Qc2+ Rg6 43. hxg3 fxg3 44. Kg2 Rfxf6 45. exf6 Qxf6 46. Rh1+ Kg7 47. Qxa4 Qb2+ 48. Kh3 g2 49. Qc2 Qf6 0-1

[Event "Petrolina Cordioli Memorial op"]
[Site "Petrolina"]
[Date "2008.10.12"]
[Round "6.13"]
[White "Da Silva, Pablo Rodrigo"]
[Black "De Souza Lima, Luiz Alexandre"]
[Result "0-1"]
[WhiteElo "1902"]
[BlackElo "2077"]
[PlyCount "34"]
[EventDate "2008.10.09"]
[EventType "swiss"]
[EventRounds "7"]
[EventCountry "BRA"]
[SourceTitle "EXT 2022"]
[Source "ChessBase"]
[SourceDate "2021.10.06"]
[SourceVersion "1"]
[SourceVersionDate "2021.10.06"]
[SourceQuality "1"]

1. d4 Nf6 2. c4 g6 3. Nc3 Bg7 4. e4 d6 5. f3 0-0 6. Be3 Nbd7 7. Qd2 e5 8. d5 a5 9. Bd3 Nc5 10. Bc2 Bd7 11. Nge2 Rb8 12. Nb5 b6 13. Bh6 Nfxe4 14. fxe4 Qh4+ 15. Ng3 Bxh6 16. Qf2 Bxb5 17. cxb5 Bf4 0-1

[Event "Petrolina Cordioli Memorial op"]
[Site "Petrolina"]
[Date "2008.10.12"]
[Round "7.22"]
[White "Schade, Dennys Karlo Mendes"]
[Black "Da Silva, Pablo Rodrigo"]
[Result "1/2-1/2"]
[WhiteElo "1795"]
[BlackElo "1902"]
[PlyCount "24"]
[EventDate "2008.10.09"]
[EventType "swiss"]
[EventRounds "7"]
[EventCountry "BRA"]
[SourceTitle "EXT 2022"]
[Source "ChessBase"]
[SourceDate "2021.10.06"]
[SourceVersion "1"]
[SourceVersionDate "2021.10.06"]
[SourceQuality "1"]

1. e4 c5 2. Nf3 a6 3. d4 cxd4 4. Nxd4 e5 5. Nf3 Nf6 6. Bd3 Nc6 7. Bg5 h6 8. Bh4 Be7 9. a3 0-0 10. Nc3 d6 11. h3 Be6 12. 0-0 d5 1/2-1/2

[Event "Petrolina Cordioli Memorial op"]
[Site "Petrolina"]
[Date "2007.10.20"]
[Round "4"]
[White "Cordioli, Lourenco Joao"]
[Black "Da Silva, Pablo Rodrigo"]
[Result "0-1"]
[WhiteElo "2015"]
[BlackElo "1798"]
[PlyCount "42"]
[EventDate "2007.10.09"]
[EventType "swiss"]
[EventRounds "7"]
[EventCountry "BRA"]
[SourceTitle "EXT 2022"]
[Source "ChessBase"]
[SourceDate "2021.10.06"]
[SourceVersion "1"]
[SourceVersionDate "2021.10.06"]
[SourceQuality "1"]

1. d4 Nf6 2. Nf3 g6 3. c4 d5 4. Nc3 Bg7 5. cxd5 Nxd5 6. e4 Nxc3 7. bxc3 0-0 8. Be2 c5 9. 0-0 Bg4 10. Be3 Nc6 11. d5 Bxf3 12. Bxf3 Ne5 13. Be2 Qa5 14. Qc2 Rab8 15. g3 c4 16. f4 Ng4 17. Qc1 Nxe3 18. Qxe3 Qxc3 19. Qxa7 Qd2 20. Rae1 Bd4+ 21. Kh1 Bxa7 0-1

[Event "Petrolina Cordioli Memorial op"]
[Site "Petrolina"]
[Date "2007.10.18"]
[Round "1"]
[White "Da Silva, Pablo Rodrigo"]
[Black "Filgueira, Cornelio Patricio B"]
[Result "1/2-1/2"]
[WhiteElo "1798"]
[BlackElo "1800"]
[PlyCount "104"]
[EventDate "2007.10.09"]
[EventType "swiss"]
[EventRounds "7"]
[EventCountry "BRA"]
[SourceTitle "EXT 2022"]
[Source "ChessBase"]
[SourceDate "2021.10.06"]
[SourceVersion "1"]
[SourceVersionDate "2021.10.06"]
[SourceQuality "1"]

1. d4 e6 2. c4 Nf6 3. Nf3 Nc6 4. Bg5 Qe7 5. Nc3 Qb4 6. Qc2 Qxc4 7. Bxf6 gxf6 8. e3 Qb4 9. a3 Qa5 10. b4 Bxb4 11. Rc1 Bxc3+ 12. Qxc3 Qxc3+ 13. Rxc3 b6 14. Bd3 f5 15. Kd2 Rg8 16. g3 Bb7 17. Rhc1 a6 18. h4 h5 19. Be2 Rh8 20. Ne1 Kf8 21. Nd3 d6 22. Bd1 a5 23. Bf3 Ra6 24. Ke2 b5 25. Bxc6 Bxc6 26. Rxc6 Rxc6 27. Rxc6 Kg7 28. Rxc7 d5 29. Rxf7+ Kxf7 30. Ne5+ Kf6 31. Kd3 Rc8 32. f3 Rc5 33. dxc5 Kxe5 34. c6 Kd6 35. Kd4 Kxc6 36. Kc3 Kc5 37. Kb3 e5 38. Kc3 b4+ 39. axb4+ axb4+ 40. Kb3 Kb5 41. e4 fxe4 42. g4 hxg4 43. fxg4 e3 44. h5 e2 45. h6 e1Q 46. h7 Qe3+ 47. Kb2 Kc4 48. h8Q Qc3+ 49. Kb1 Qe1+ 50. Kb2 Qc3+ 51. Kb1 Qe1+ 52. Kb2 Qc3+ 1/2-1/2